| 000 | 00482nam a2200169Ia 4500 | ||
|---|---|---|---|
| 008 | 230718s9999 xx 000 0 und d | ||
| 020 | _a9789350291733 | ||
| 041 | _aeng | ||
| 082 |
_a330.9'0511 _bRAJ |
||
| 100 | _aRajan R.G. | ||
| 245 |
_aFault Lines _bHow Hidden Fractures Still Threaten The World Economy |
||
| 260 |
_c2011 _bCollins Business |
||
| 300 | _a354 | ||
| 365 |
_cRs. _b399.00 |
||
| 700 | _aRajan R.G. | ||
| 906 |
_dO:0366822-Jan-2014B:477019-Dec-2013 _cGENRL _b87.78 |
||
| 999 |
_c334882 _d334882 |
||